LEADER 01093nam0-22002891i-450- 001 990007919020403321 005 20041021141340.0 035 $a000791902 035 $aFED01000791902 035 $a(Aleph)000791902FED01 035 $a000791902 100 $a20040920d2004----km-y0itay50------ba 101 0 $aeng 105 $aa---a---001yy 200 1 $aGasoline volatility and ethanol effects on hot and cold weather driveability of modern european vehicles$fprepared jointly by the CONCAWE Special Task Force FE/STF-4 and the Groupement Francais de Coordination 210 $aBrussels$cCONCAWE$d2004 215 $aIV, 68 p.$cill.$d30 cm 225 1 $aCONCAWE report$v3/04 300 $aIn testa al front.: CONCAWE 710 02$aCONCAWE$9$0336016 801 0$aIT$bUNINA$gRICA$2UNIMARC 901 $aBK 912 $a990007919020403321 952 $a04 090-156/220$bDIC 4089$fDINCH 959 $aDINCH 996 $aGasoline volatility and ethanol effects on hot and cold weather driveability of modern european vehicles$9669436 997 $aUNINA LEADER 02260nam 2200529Ia 450 001 9910702007903321 005 20121010155842.0 035 $a(CKB)5470000002424054 035 $a(OCoLC)812480193 035 $a(EXLCZ)995470000002424054 100 $a20121010d2012 ua 0 101 0 $aeng 135 $aurmn||||||||| 181 $ctxt$2rdacontent 182 $cc$2rdamedia 183 $acr$2rdacarrier 200 10$aOptical frequency optimization of a high intensity laser power beaming system utilizing VMJ photovoltaic cells$b[electronic resource] /$fDaniel E. Raible and Dragos Dinca, Taysir H. Nayfeh 210 1$aCleveland, Ohio :$cNational Aeronautics and Space Administration, Glenn Research Center,$d[2012] 215 $a1 online resource (9 pages) $cillustrations (some color) 225 1 $aNASA/TM ;$v2012-217256 300 $aTitle from title screen (viewed on Oct. 10, 2012). 300 $a"March 2012." 300 $a"Prepared for the International Conference on Space Optical Systems and Applications (ICSOS) sponsored by the Institute of Electrical and Electronics Engineers, Santa Monica, California, May 11-13, 2011." 320 $aIncludes bibliographical references (page 9). 606 $aPhotovoltaic cells$2nasat 606 $aEnergy conversion efficiency$2nasat 606 $aSemiconductor lasers$2nasat 606 $aLaser power beaming$2nasat 606 $aEnergy gaps (solid state)$2nasat 606 $aHigh power lasers$2nasat 615 7$aPhotovoltaic cells. 615 7$aEnergy conversion efficiency. 615 7$aSemiconductor lasers. 615 7$aLaser power beaming. 615 7$aEnergy gaps (solid state) 615 7$aHigh power lasers. 700 $aRaible$b Daniel Edward$01390198 701 $aDinca?$b Dragos? Valentin$01390199 701 $aNayfeh$b Taysir H$01390200 712 02$aNASA Glenn Research Center. 712 12$aInternational Conference on Space Optical Systems and Applications$f(2011 :$eSanta Monica, Calif.) 801 0$bGPO 801 1$bGPO 906 $aBOOK 912 $a9910702007903321 996 $aOptical frequency optimization of a high intensity laser power beaming system utilizing VMJ photovoltaic cells$93442741 997 $aUNINA